| 000 | 00769nam a2200229Ia 4500 | ||
|---|---|---|---|
| 008 | 191130s2008##################000#0#eng## | ||
| 020 | _a9780195309973 | ||
| 022 | _a2008004249 | ||
| 040 |
_aACL _cACL |
||
| 082 | _a951.156 BEC | ||
| 100 | _aBecker, Jasper | ||
| 245 |
_aCity of heavenly tranquility : Beijing in the history of China _cJasper Becker |
||
| 260 |
_aOxford _bOxford University Press _c2008 |
||
| 300 | _aviii, 370 p., [16] p. of plates : ill., maps ; 25 cm | ||
| 500 | _aIncludes bibliographical references (p. 327-333) and index | ||
| 650 | _aBeijing (China) - Description and travel | ||
| 650 | _aBeijing (China) - History | ||
| 650 | _aChina - History | ||
| 990 | _ae2c531deac10000c4fd58691503876c5 | ||
| 991 | _a244844 | ||
| 999 |
_c129857 _d129857 |
||